书目信息 |
| 题名: |
嵌入式操作系统μC/OS-Ⅱ及应用开发
|
|
| 作者: | 王晓薇 主编 ;姜岩 , 侯锟 编著 | |
| 分册: | ||
| 出版信息: | 北京 清华大学出版社 2021.1 |
|
| 页数: | 268页 | |
| 开本: | 26cm | |
| 丛书名: | ||
| 单 册: | ||
| 中图分类: | TP316.2 | |
| 科图分类: | ||
| 主题词: | 实时操作系统--程序设计--高等学校--教材 , 实时操作系统 , 程序设计 | |
| 电子资源: | ||
| ISBN: | 978-7-302-28472-7 | |
| 000 | 01321nam0 2200313 45 | |
| 001 | 012001001894 | |
| 005 | 20140912155021.0 | |
| 010 | @a978-7-302-28472-7@dCNY49.00 | |
| 090 | @aTP316.2@bwxw | |
| 096 | @aTP316.2@bwxw | |
| 100 | @a20121016d2012 em y0chiy50 ea | |
| 101 | 0 | @achi |
| 102 | @aCN@b110000 | |
| 105 | @ay z 000yy | |
| 106 | @ar | |
| 200 | 1 | @a嵌入式操作系统μC/OS-Ⅱ及应用开发@b专著@f王晓薇主编@g姜岩,侯锟编著@Aqian ru shi cao zuo xi tong μC/OS- Ⅱ ji ying yong kai fa |
| 210 | @a北京@c清华大学出版社@d2021.1 | |
| 215 | @a268页@d26cm | |
| 300 | @a21世纪高等学校嵌入式系统专业规划教材 | |
| 330 | @a本书介绍了PC上μC/OS-II的开发环境BC45,在这个环境下演示一个μC/OS-II的实例,使读者从整体上理解μC/OS-II。然后从操作系统的原理上详细讲述μC/OS-II这个实时操作系统的实现原理,对其中的内核、任务的管理、任务的同步和通信、时钟和中断进行了详细的论述,理论讲述后附有该理论的实验例程及实现方法。最后介绍了μC/OS-II的移植方法,并从应用的角度描述了一个基于μC/OS-II的综合开发案例。 | |
| 606 | 0 | @a实时操作系统@x程序设计@x高等学校@j教材 |
| 606 | 0 | @a实时操作系统 |
| 606 | 0 | @a程序设计 |
| 690 | @aTP316.2@v5 | |
| 701 | 0 | @a王晓薇@4主编@Awang xiao wei |
| 702 | 0 | @a姜岩@4编著@Ajiang yan |
| 702 | 0 | @a侯锟@4编著@Ahou kun |
| 801 | 0 | @aCN@bBJSDL@c20211011 |
| 905 | @b1337630-3@dTP316.2@e1069@f4 | |
| 嵌入式操作系统μC/OS-Ⅱ及应用开发/王晓薇主编/姜岩,侯锟编著.-北京:清华大学出版社,2021.1 |
| 268页;26cm |
| 21世纪高等学校嵌入式系统专业规划教材 |
| ISBN 978-7-302-28472-7:CNY49.00 |
| 本书介绍了PC上μC/OS-II的开发环境BC45,在这个环境下演示一个μC/OS-II的实例,使读者从整体上理解μC/OS-II。然后从操作系统的原理上详细讲述μC/OS-II这个实时操作系统的实现原理,对其中的内核、任务的管理、任务的同步和通信、时钟和中断进行了详细的论述,理论讲述后附有该理论的实验例程及实现方法。最后介绍了μC/OS-II的移植方法,并从应用的角度描述了一个基于μC/OS-II的综合开发案例。 |
| ● |
| 相关链接 |
|
|
|
|
正题名:嵌入式操作系统μC/OS-Ⅱ及应用开发
索取号:TP316.2/1069
 
预约/预借
| 序号 | 登录号 | 条形码 | 馆藏地/架位号 | 状态 | 备注 |
| 1 | 1337630 | 213376309 | 第二样本阅览室/ [索取号:TP316.2/1069] | 在馆 | |
| 2 | 1337631 | 213376318 | 第三借阅区/ [索取号:TP316.2/1069] | 在馆 | |
| 3 | 1337632 | 213376327 | 第三借阅区/ [索取号:TP316.2/1069] | 在馆 | |
| 4 | 1337633 | 213376336 | 第三借阅区/ [索取号:TP316.2/1069] | 在馆 |